Utopía y realidad en la ciudad del renacimiento

Bibliographic Details
Main Authors: Rosenau, Helen, Hudnut, Joseph
Format: Section = Libro
Language:Undetermined
Spanish
Published: Buenos Aires Paidos 1962
Subjects:
LEADER 00513nam a2200193Ia 4500
008 240829s9999 xx 000 0 und d
040 |a BIBLIOTECA-RUSB/ 724.1 R813 
041 |a spa 
082 |a 724.1 R813 
100 1 |a Rosenau, Helen  
100 1 |b Hudnut, Joseph 
245 1 0 |a Utopía y realidad en la ciudad del renacimiento 
260 |a Buenos Aires  |b Paidos  |c 1962 
300 |a 85 p. :il. 
650 7 |a ARQUITECTURA RENACENTISTA 
650 7 |b  DESARROLLO URBANO 
942 |c BK  |2 ddc 
991 |a TEXTO 
999 |c 5181